1923 1099 1904 1120 1651 1662 1840 1886 1541 1372 1904 1567 1728 1359 1630 1954 1192 1330 1672 1585 1560 1639 1866 1738 1641 1145 1563 1202 1704 1902 1963 1887 1908 1252 1668 1902 1085 1626 1064 1358 1475 1250 1215 1327 1014 1253 1084 1133 1357 1572 1223 1251 1013 1259 1242 1784 1120 1754 1487 1255 1311 1480 1648 1388 1999 1029 1434 1530 1158 1526 1407 1117 1344 1864 1954 1333 1626 1661 1426 1279 1009 1647 1589 1892 1967 1148 1728 1901 1138 1903 1883 1356 1049 1783 1066 1901 1370 1519 1725 BCNSPRNW ULIB Ver.6.0+V

เปลี่ยนเป็นภาษาไทย

Change to English
 แสดงรายละเอียดบรรณานุกรม
  กลับหน้าหลัก

Brief Record : Get Marc (ISO 2709) : E-mail record : QR code < ปิดหน้าต่าง
LEADER : 00000nam 2200000uu 4500
001    13399114832
003     ULIB
008    020711s|||| th a 000 0 eng d
245    ^aNurses Handbook of Health Assessment
260    ^a ^bม.ป.ท.,^cม.ป.ป.
945    ^p0^l0^i027440
999    ^aวรรณษา ชูชัยมงคล
รายการนี้ยังไม่มีแท็ก
คุณยังไม่ได้ล็อกอิน คุณสามารถมีกิจกรรมร่วมกับเว็บไซต์ได้ แต่ต้องล็อกอินก่อน ::
  ล็อกอิน

รายการสื่อสารสนเทศ

ลำดับที่ ประเภท เลขเรียก/บาร์โค้ด สถานที่ สถานะ
- ไม่พบข้อมูล -

รายการใกล้เคียง
    ชื่อเรื่อง [Nurses Handbook of Health Assessment]

    ผู้แต่ง []

BibComment


ยังไม่เคยถูกคอมเมนท์

คอมเมนท์ทรัพยากรรายการนี้
  คอมเมนท์: Nurses Handbook ..


 Copyright 2026. Bcnsprnw @Library